Hybridné pracovné modely a rovnováha práce a života diplomová práca

Guardado en:
Detalles Bibliográficos
Autor principal: Pecháčková, Laura
Autor Corporativo: Fakulta podnikového manažmentu EU. Katedra manažmentu
Otros Autores: Jankelová, Nadežda, 1966-
Formato: Libro
Lenguaje:eslovaco
Publicado: Bratislava 2025
Etiquetas: Agregar Etiqueta
Sin Etiquetas, Sea el primero en etiquetar este registro!

MARC

LEADER 00000nbm a2200000 4500
001 0309781
005 20260325081937.4
041 0 |a slo 
044 |a SK 
245 1 0 |a Hybridné pracovné modely a rovnováha práce a života  |b diplomová práca  |c Laura Pecháčková ; školiteľ: Nadežda Jankelová 
264 1 |a Bratislava  |c 2025 
300 |a 95 s. 
100 1 |a Pecháčková, Laura 
700 1 |a Jankelová, Nadežda, 1966- 
710 2 |a Fakulta podnikového manažmentu EU. Katedra manažmentu